Media industry newsletter MIN.

Bibliographic Details
Previous Title:Magazine industry newsletter
Format: Electronic Journal
Language:English
Published: [Place of publication not identified] : Media Industry Newsletter
Subjects:
Online Access:Full text available from Research Library: 01/02/1995 to 12/04/2017

MARC

LEADER 00000nas a2200000 a 4500
001 ssj0011714
003 WaSeSS
005 20200512172242.0
006 m d
007 cr n
008 750914c19709999nyuwx p s 0 a0eng c
010 |a sc 82008021   |z sn 78005998  
016 |a (AMICUS)000001114564 
016 7 |a 990336166  |2 DE-101 
016 7 |a 2449776-9  |2 DE-600 
022 |l 0024-9793  |y 0024-9793 
032 |a 781320  |b USPS 
035 |a (WaSeSS)ssj0011714 
037 |b MIN Publishing, Inc., 18 E. 53rd St., New York, N.Y. 10022 
040 |a MUL  |b eng  |c MUL  |d HUL  |d NSD  |d OCL  |d NSD  |d DLC  |d OCL  |d AIP  |d NSD  |d NST  |d DLC  |d OCLCQ  |d AU@  |d CUS  |d OCLCQ  |d GWDNB  |d OCLCQ  |d OCLCF  |d OCLCO  |d NLC  |d OCLCQ  |d OCLCA  |d OCLCQ  |d WaSeSS 
042 |a nsdp  |a pcc 
050 1 4 |a P87 
082 1 |a 338  |2 11 
210 0 |a Media ind. newsl. 
222 0 |a Media industry newsletter 
245 0 0 |a Media industry newsletter  |h [electronic resource] :  |b MIN. 
246 3 0 |a MIN 
260 |a [Place of publication not identified] :  |b Media Industry Newsletter 
310 |a 50 no. a year,  |b <May 29, 1985-> 
321 |a Weekly 
362 1 |a Began with: Vol. 23, no. 39 (Oct. 1, 1970). 
500 |a Imprint varies: New York, N.Y. : MIN Publishing, Inc., <May 29, 1985-> 
506 |a License restrictions may limit access. 
588 |a Description based on: Vol. 29, no. 10 (Mar. 8, 1976); title from caption. 
650 0 |a Mass media  |v Periodicals. 
650 7 |a Mass media.  |2 fast  |0 (OCoLC)fst01011219 
655 0 |a Electronic journals. 
780 0 0 |t Magazine industry newsletter  |w (OCoLC)1604645 
850 |a AzU  |a FU  |a OU 
856 4 0 |z Full text available from Research Library: 01/02/1995 to 12/04/2017  |u https://search.proquest.com/publication/32752